| 000 | 00948nam a22003610a 4500 | ||
|---|---|---|---|
| 001 | PT42023 | ||
| 003 | AR-LpoUNG | ||
| 005 | 20210131230856.0 | ||
| 008 | 191001s2000||||xxu|||||||||||||||||eng d | ||
| 020 |
_a9780826321770 _c$24.95 |
||
| 040 |
_aAR-LpoUNG _bspa _cAR-LpoUNG _eaacr |
||
| 041 | _aeng | ||
| 044 | _axxu | ||
| 082 | 0 | _a980.02 51ind | |
| 100 | 1 | _aKinsbruner, Jay | |
| 245 | 1 | 0 |
_aIndependence in spanish America : _bcivil war, revolutions, and underdevelopment |
| 250 | _a2§ edición | ||
| 260 |
_aAlbuquerque : _bUniversity of New México, _c2000. |
||
| 300 |
_axxiii, 187 p. : _bil. |
||
| 650 | 4 | _aAMERICA | |
| 650 | 4 | _aANALISIS HISTORICO | |
| 650 | 4 | _aDESCOLONIZACION | |
| 650 | 4 | _aESPANA | |
| 650 | 4 | _aGUERRA | |
| 650 | 4 | _aGUERRA CIVIL | |
| 650 | 4 | _aINDEPENDENCIA | |
| 650 | 4 | _aREVOLUCION | |
| 650 | 4 | _aSOBERANIA | |
| 650 | 4 | _aSUBDESARROLLO | |
| 651 | 4 | _aAmérica Latina | |
| 905 | _a42023 | ||
| 942 | _cLIB | ||
| 999 |
_c6656 _d6656 |
||